Quiz Culture G. (14) - Statistiques

Statistiques générales
  • Ce quiz a été pris 131 fois
  • Le résultat moyen est 8 sur 20
Statistiques - réponses
Réponse % Correct
Que sont Salamèche et Carapuce ? Pokemon
70%
Dans quel sport s'illustre Kevin Mayer ? Decathlon
63%
Quel homme d'affaires américain est le fondateur d'Amazon ? Jeff Bezos
63%
Qui a peint "La liberté guidant le peuple" ? Delacroix
61%
En quelle année Charlemagne est il devenu empereur ? 800
59%
Quel DJ suédois a été retrouvé mort à Oman en 2018 ? Avicii
58%
Quel chanteur du tube "Reine" est également le frère de Gims ? Dadju
54%
A quel dramaturge d'origine roumaine doit on l'œuvre "Rhinocéros" ? Ionesco
50%
Quelle pâtisserie ronde rappelle à une forme et un nom évoquant le vélo ? Paris Brest
50%
Quel partie politique représentait Jacques Chirac lorsqu il a été élu président ? RPR
38%
D'où les fusées et autres engins spatiaux décollent ils aux États-Unis ? Cap Canaveral
37%
Quel théâtre situé à Milan est l'un des plus connus au Monde ? Scala
34%
Qui est la compagne du philosophe Bernard Henri Levy ? Arielle Dombasle
33%
Quelle femme belge d'abord présentatrice de Nouvelle Star a depuis épousé une carrière de comédienne ? Virginie Efira
32%
Dans quel sport le Prince Albert II de Monaco a t'il participé aux Jeux Olympiques ? Bobsleigh
31%
Dans quel film Benoît Poelvoorde incarne-t-il un sosie de Claude François ? Podium
31%
Quel est le prénom de la petite soeur de Titeuf ? Zizie
27%
Quel pays abrite les magnifiques Lacs de Plitvice ? Croatie
22%
Comment s'appelait l'émission de Laurent Boyer diffusée sur M6 qui permettait au public de découvrir de nouveaux talents ? Graine de star
14%
Dans quel ville se déroule principalement la série "La petite maison dans la prairie" ? Walnut Grove
8%
Aucun quiz correspondant
Distribution des résultats
% des personnes avec chaque résultat
Percentile par nombre de réponses
Votre historique - résultats
Vous n’avez pas pris ce quiz